| 000 -LEADER |
| fixed length control field |
00483nam a2200193Ia 4500 |
| 008 - FIXED-LENGTH DATA ELEMENTS--GENERAL INFORMATION |
| fixed length control field |
190719s9999||||xx |||||||||||||| ||und|| |
| 020 ## - INTERNATIONAL STANDARD BOOK NUMBER |
| International Standard Book Number |
9788131215418 |
|
| Terms of availability |
450 |
| 082 ## - DEWEY DECIMAL CLASSIFICATION NUMBER |
| Classification number |
623.87236 |
| Item number |
W553 |
| 100 ## - MAIN ENTRY--PERSONAL NAME |
| Personal name |
Wharton, A. J |
| 245 #0 - TITLE STATEMENT |
| Title |
Diesel engines / |
| 250 ## - EDITION STATEMENT |
| Edition statement |
3rd ed. |
| 260 ## - PUBLICATION, DISTRIBUTION, ETC. (IMPRINT) |
| Place of publication, distribution, etc |
Oxford: |
| Name of publisher, distributor, etc |
Butterworth-Heinnemann, |
| Date of publication, distribution, etc |
1975. |
| 300 ## - PHYSICAL DESCRIPTION |
| Extent |
viii,130p. |
|
| Other physical details |
pbk |
| 650 ## - SUBJECT ADDED ENTRY--TOPICAL TERM |
| Topical term or geographic name as entry element |
Marine diesel motors |
|
| Topical term or geographic name as entry element |
Marine engines |
| 942 ## - ADDED ENTRY ELEMENTS (KOHA) |
| Item type |
Books |